| 000 | 00625cam a22002293a 4500 | ||
|---|---|---|---|
| 001 | 27700 | ||
| 003 | PGUSA | ||
| 005 | 20140828083611.0 | ||
| 008 | 090104s2009||||xxu|||||s|||||000 p eng d | ||
| 040 |
_aPGUSA _beng |
||
| 042 | _adc | ||
| 050 | 4 | _aPS | |
| 100 | 1 |
_aJones, Thomas S. _q(Thomas Samuel), _d1882-1932 |
|
| 245 | 1 | 4 |
_aThe Rose-Jar _h[electronic resource] / _cThomas S. Jones |
| 260 |
_bProject Gutenberg, _c2009 |
||
| 506 | _aPublic domain in the USA. | ||
| 516 | _aElectronic text | ||
| 653 | _aPoetry | ||
| 830 | 0 |
_aProject Gutenberg _v27700 |
|
| 856 | 4 | 0 | _uhttp://www.gutenberg.org/ebooks/27700 |
| 942 | _cEB | ||
| 999 |
_c256955 _d256955 |
||